000 00591nam a2200193 4500
001 139123
003 ES-MaACL
005 20230906195716.0
007 t|
008 070214s1970 sp r ||||1| spa d
100 1 _aSardá Dexeus, Juan (
_d1910-1995)
_9103788
245 1 3 _aLa política monetaria y las fluctuaciones de la economía española en el siglo XIX /
_cJuan Sardá Dexeus.
260 _aBarcelona :
_bAriel,
_c1970.
300 _a366 p. ;
_c22 cm.
490 1 _aCol. Demos
830 0 _aCol. Demos
_9220197
852 _aES-MaACL
_jC-38289
_bR.76479
999 _c139123
_d139123